000 00915nam a2200289 i 4500
001 000021876
003 DO-SdBNP
005 20250912143035.0
007 ta
008 100914s1990 dr 000 0 spa d
040 _aDO-SdBNP
_bspa
_cBNPHU
_erda
049 _aBNPD
082 4 _axxx
_bP438s 1990
_222
100 1 _aPérez, Luis Julian,
_eautor
_4aut.
_914856
245 1 0 _aSanto Domingo frente al destino /
_cLuis Julian Pérez.
250 _aSegunda edición
264 1 _aSanto Domingo :
_bTaller,
_c1990.
300 _a293 páginas ;
_c23 cm.
336 _atexto
_btxt
_2rdacontent
337 _asin mediación
_bn
_2rdamedia
338 _avolumen
_bnc
_2rdacarrier
500 _aIncluye datos biográficos del autor en la contracubierta.
500 _aIncluye índice de nombres, materias lugares
504 _aBibliografías : páginas 277-279
590 _aInventariado, 2025/BT
942 _2ddc
_cLBS1
999 _c21374
_d21374